Online
Catalog
Normal view MARC view

Entry Nombre personal

Number of records used in: 18

001 - NÚMERO DE CONTROL

  • campo de control: 7125

003 - IDENTIFICADOR DEL NÚMERO DE CONTROL

  • campo de control: BNPHU

005 - FECHA Y HORA DE LA ÚLTIMA TRANSACCIÓN

  • campo de control: 20240226184457.0

008 - DATOS DE LONGITUD FIJA

  • campo de control de longitud fija: 200615|| aca||aabn | a|a d

010 ## - NÚMERO DE CONTROL DE LA BIBLIOTECA DEL CONGRESO

  • Número de control de LC: n 2001100739

040 ## - FUENTE DE LA CATALOGACIÓN

  • Centro catalogador/agencia de origen: DO-SdBNP
  • Lengua de catalogación: spa
  • Centro/agencia transcriptor: BNPHU
  • Normas de descripción: rda

100 1# - ENCABEZAMIENTO-NOMBRE DE PERSONA

  • Nombre de persona: Brea Franco, Luis O.

370 ## - LUGAR ASOCIADO

  • Lugar de nacimiento: Santo Domingo (República Dominicana)

373 ## - GRUPO ASOCIADO

  • Grupo asociado: Universidad Nacional Pedro Henríquez Ureña

373 ## - GRUPO ASOCIADO

  • Grupo asociado: Academia de Ciencias de la República Dominicana

374 ## - OCUPACIÓN

  • Ocupación: Profesor universitario

375 ## - GÉNERO/SEXO

  • Género/Sexo: Masculino

377 ## - LENGUA/LENGUAJE ASOCIADO

  • Código del idioma: spa
  • Término de lengua/lenguaje: Español

400 1# - TRAZADO DE VÉASE--NOMBRE DE PERSONA

  • Nombre de persona: Franco, Luis O. Brea

670 ## - FUENTE DE DATOS ENCONTRADOS

  • Cita de la fuente: Work cat.: (OSt)2078: Colección de pensamiento dominicano /, 2008-2010.

670 ## - FUENTE DE DATOS ENCONTRADOS

  • Cita de la fuente: Dominican Republic. Hacia un programa de desarrollo cultural para la República Dominicana, 1998-

670 ## - FUENTE DE DATOS ENCONTRADOS

  • Cita de la fuente: Global y diferente, 2015

670 ## - FUENTE DE DATOS ENCONTRADOS

  • Cita de la fuente: Preludios a la posmodernidad, 2001

670 ## - FUENTE DE DATOS ENCONTRADOS

  • Cita de la fuente: https://authorities.loc.gov/cgi-bin/Pwebrecon.cgi?AuthRecID=5316172&v1=1&HC=1&SEQ=20240226183630&PID=KNsUkFF0mWKiMk561pd0rTlpx9
  • Información encontrada: Consultado en : 26/02/2024

Powered by Koha